Statistiques concernant Ville européenne à pays °4

Cliquez ici pour prendre le quiz!

Statistiques générales

  • Ce quiz a été pris 108 fois
  • Le résultat moyen est 10 sur 14

Statistiques - réponses

VillePays% Correct
ThessalonikiGréce
96%
San RemoItalie
96%
VaduzLiechtenstein
91%
KazanRussie
82%
BragaPortugal
77%
GyõrHongrie
71%
RybnikPologne
69%
AachenAllemagne
67%
TurkuFinlande
67%
BraşovRoumanie
67%
TartuEstonie
58%
VisbySuede
55%
BurgasBulgarie
54%
LiberecRepubliqué Tchèque
40%

Distribution des résultats

Percentile par nombre de réponses

% des personnes avec chaque résultat

Votre développement - résultats

Vous n’avez pas pris ce quiz